000
00229nam a2200121Ia 4500
100
_a
#N/A
650
_a
Computers
942
_c
BK
245
_a
3D STUDIO MAX FUNDAMENTALS
260
_b
#N/A
082
_b
TOD
546
_a
ENGLISH
999
_c
34846
_d
34846